[Event "It (a)"]
[Site "Salou (Spain)"]
[Round "8"]
[White "Pogorelov Ruslan (UKR)"]
[Black "Ivanov Jordan (BUL)"]
[Result "1/2-1/2"]
[WhiteElo "2445"]
[BlackElo "2461"]

1.d4 Nf6 2.c4 d6 3.Nc3 Bf5 4.f3 e5 5.e4 exd4 6.Qxd4 Nc6 7.Qd2 Be6 8.b3 g6
9.Bb2 Bg7 10.Bd3 O-O 11.Nge2 Nd7 12.O-O Nc5 13.Bb1 Qf6 14.Nd1 Qe7 15.Bxg7 Kxg7
16.Ne3 a5 17.Bc2 f6 18.a3 Nd7 19.Nc3 Nb6 20.Ned5 Bxd5 21.exd5 Ne5 22.f4 Nf7
23.Rfe1 Qd8 24.Nb5 Qd7 25.Nd4 Nd8 26.f5 c5 27.dxc6 bxc6 28.fxg6 hxg6 29.Re3
Nc8 30.Rae1 f5 31.Rh3 Kg8 32.Rg3 Ne7 33.Rxe7 Qxe7 34.Rxg6+ Kf7 35.Rg3 Re8
36.Kf1 Qe5 37.Nxf5 Re6 38.Rf3 Ke8 39.Re3 Qf4+ 40.Kg1 Rxe3 41.Nxe3 Ra7 42.g3
Rg7 43.Qd3 Qe5 44.Nf5 Rd7 45.b4 axb4 46.axb4 Nf7 47.Kg2 Qe1 48.Qe3+ Qxe3
49.Nxe3 Ne5 50.b5 cxb5 51.cxb5 Ra7 52.g4 Ra3 53.Kf2 d5 54.b6 Ra2 55.b7 Rb2
56.Kg3 d4 57.Nf5 d3 58.Ba4+ Kd8 59.Kf4 Nd7 60.Bxd7 Kxd7 61.Ke3 Kc7 62.h4 Rg2
63.Kxd3 Rxg4 64.Ke3 {#d} 1/2-1/2

[Event "Cup Pannon"]
[Site "Kaposvar (Hungary)"]
[Round "2"]
[White "Turzo Attila (HUN)"]
[Black "Gyurkovics Miklos (HUN)"]
[Result "0-1"]
[WhiteElo "2360"]
[BlackElo "2266"]

1.d4 Nf6 2.c4 d6 3.Nc3 Bf5 4.f3 e5 5.e4 exd4 6.Qxd4 Nc6 7.Qd2 Be6 8.f4 g6
9.Nf3 Bg7 10.Bd3 O-O 11.O-O a5 12.b3 a4 13.Ba3 axb3 14.axb3 Na5 15.Qc2 Ng4
16.Qb2 Qf6 17.e5 Qxf4 18.Rae1 Nxe5 19.Be4 Nexc4 20.bxc4 Nxc4 21.Qxb7 Rxa3
22.Nb5 Rb3 23.g3 Qh6 24.Qc6 Ne5 25.Nxe5 Bxe5 26.Nxc7 Bd4+ 27.Kh1 Rb2 28.Bc2
Bc8 29.Rxf7 Bb7 30.Rxf8+ Qxf8 31.Bb3+ Rxb3 {#R} 0-1

[Event "It (open)"]
[Site "Bad Woerishofen (Germany)"]
[Round "6"]
[White "Aleksandrov Aleksej (BLR)"]
[Black "Martinovic Slobodan (SRB)"]
[Result "1-0"]
[WhiteElo "2645"]
[BlackElo "2440"]

1.d4 Nf6 2.c4 d6 3.Nc3 Bf5 4.f3 e5 5.e4 exd4 6.Qxd4 Nc6 7.Qf2 Be6 8.Nd5 Ne5
9.Qc2 Ned7 10.Ne2 g6 11.Nec3 Bg7 12.Be3 O-O 13.Be2 Nh5 14.g4 Nhf6 15.Nf4 Qe7
16.O-O-O Ne5 17.g5 Nfd7 18.Nfd5 Bxd5 19.Nxd5 Qd8 20.f4 Nc6 21.h4 Ne7 22.Nc3
Re8 23.h5 Nc6 24.hxg6 hxg6 25.Kb1 a5 26.c5 Qe7 27.cxd6 cxd6 28.Bf3 Qe6 29.e5
Nb4 30.Qb3 Nc5 31.Qxe6 Rxe6 32.Nb5 Rb8 33.Nxd6 b6 34.Be2 Re7 35.Bxc5 bxc5
36.Ne4 Nc6 37.Nxc5 Nxe5 38.fxe5 Rxe5 39.Nd7 Rxe2 40.Nxb8 Rxb2+ 41.Kc1 Rxb8
42.Rh4 Rc8+ 43.Kd2 Rc5 44.Rg4 Bf8 45.Re1 Kg7 46.Re2 Rf5 47.Kc3 Ba3 48.Kb3 Bd6
49.Ka4 Kf8 50.Rb2 Be7 51.Rb8+ Kg7 52.Ra8 Rxg5 53.Rxg5 Bxg5 54.Rxa5 f5 55.Kb3
Be3 56.Kc4 Kf6 57.a4 g5 58.Kd3 f4 59.Ke4 g4 60.Rd5 Ke6 61.Rd1 g3 62.Kf3 Bb6
63.Rb1 Be3 64.Rb7 Bd2 65.Rb3 Ke7 66.Rd3 Bb4 67.Rd5 Ke6 68.Rb5 Bd2 69.a5 Kd6
70.a6 Be3 71.Rb7 Kc6 72.Rf7 {#r} 1-0

[Event "It (open) \"]
[Site "Belgium"]
[Round "0"]
[White "Hajenius Willem (BEL)"]
[Black "Jacques Robrecht (BEL)"]
[Result "0-1"]
[WhiteElo "2042"]
[BlackElo "1994"]

1.d4 d6 2.c4 Nf6 3.Nc3 Bf5 4.f3 Nbd7 5.e4 Bg6 6.Bd3 e5 7.d5 Be7 8.Nge2 c6
9.Be3 Qc7 10.O-O h5 11.Rc1 h4 12.b4 Nh7 13.Qd2 Bh5 14.f4 Rg8 15.Na4 g5 16.f5
c5 17.bxc5 dxc5 18.Nac3 a6 19.Bc2 Ndf6 20.Rb1 Ng4 21.Na4 Nxe3 22.Qxe3 g4
23.Rb6 Bg5 24.Qd3 g3 25.hxg3 Bxe2 26.Qxe2 hxg3 27.d6 Qc8 28.Rd1 Nf6 29.Qd3 Nd7
30.Qxg3 Kf8 31.Rb3 Qc6 32.Rf3 Be3+ 33.Rxe3 Rxg3 34.Rxg3 b5 35.Nc3 Nb6 36.f6 b4
37.d7 Qxf6 38.Nd5 Nxd5 39.Rxd5 Rd8 40.Ba4 Qf4 41.Rh3 Kg7 42.Rdd3 Qxe4 43.Rdg3+
Kf6 44.Rf3+ Ke7 45.Rf2 Qd4 46.Rf3 Rf8 47.Bc2 Qxd7 48.Rd3 Qc6 49.Rd5 f6 50.Be4
Qc7 51.Rfd2 f5 52.Bc2 e4 53.Ba4 Qg3 54.Re2 e3 55.Rxc5 Rh8 {#R} 0-1

[Event "Ch City"]
[Site "Berezniki (Russia)"]
[Round "1"]
[White "Syrokhvatov Leonid V (RUS)"]
[Black "Plotnikov Alexander (RUS)"]
[Result "1-0"]
[WhiteElo "2259"]
[BlackElo "2203"]

1.d4 Nf6 2.c4 d6 3.Nc3 Bf5 4.f3 e6 5.e4 Bg6 6.Qb3 Qc8 7.Be3 Nbd7 8.Nge2 Be7
9.g4 c6 10.Bg2 Qc7 11.h4 h6 12.O-O-O O-O-O 13.Nf4 Bh7 14.g5 Ng8 15.Nh5 Bf8
16.Kb1 Qb6 17.Qa4 hxg5 18.hxg5 Bg6 19.Nf4 Rxh1 20.Rxh1 Ne7 21.Ka1 e5 22.Nxg6
Nxg6 23.Ne2 Kb8 24.Bh3 exd4 25.Bxd4 Nc5 26.Qc2 Ne5 27.f4 Ned3 28.Rd1 Nb4
29.Qc3 a5 30.Bg2 g6 31.Nc1 Nba6 32.Rh1 Qb4 33.Rh7 d5 34.cxd5 cxd5 35.exd5 Rc8
36.Be5+ Ka8 37.Kb1 Qxc3 38.Bxc3 Nb4 39.Rxf7 Na4 40.Bh3 Nxc3+ 41.bxc3 Rxc3
42.Rxf8+ Ka7 43.Be6 a4 44.Rc8 Rf3 45.d6 Rxf4 46.d7 {#r} 1-0

[Event "Tournament (Elo)"]
[Site "Budapest (Hungary)"]
[Round "9"]
[White "Harsanyi Kinga (HUN)"]
[Black "Nadassy Attila (HUN)"]
[Result "0-1"]
[WhiteElo "2100"]
[BlackElo "2099"]

1.d4 Nf6 2.c4 d6 3.Nc3 Bf5 4.f3 e5 5.dxe5 dxe5 6.Qxd8+ Kxd8 7.e4 Be6 8.Bg5 c6
9.O-O-O+ Kc7 10.g3 Na6 11.f4 Ng4 12.f5 Bd7 13.Nh3 f6 14.Bd2 g6 15.Bd3 Rd8
16.Bb1 Bc8 17.Rdf1 Bc5 18.Nd1 Rd4 19.b3 Ba3+ 20.Kc2 Rxe4 21.Nhf2 Nxf2 22.Nxf2
Bxf5 23.Nxe4 Bxe4+ 24.Kc3 Bb4+ 25.Kb2 Bxh1 26.Bxb4 Nxb4 27.Rxh1 Rd8 28.Kc3 c5
29.Rf1 f5 30.a3 Nc6 {#R} 0-1

[Event "It (open)"]
[Site "Graz (Austria)"]
[Round "3"]
[White "Stanec Nikolaus (AUT)"]
[Black "Stuhlik Marko (AUT)"]
[Result "1-0"]
[WhiteElo "2512"]
[BlackElo "2222"]

1.d4 d6 2.c4 Nf6 3.Nc3 Bf5 4.f3 e5 5.e4 exd4 6.Qxd4 Nc6 7.Qd2 Be6 8.b3 Be7
9.Bb2 O-O 10.Nge2 Nh5 11.g3 f5 12.exf5 Ne5 13.Bg2 Bxf5 14.O-O c6 15.g4 Nd3
16.gxf5 Qb6+ 17.Kh1 Nf2+ 18.Rxf2 Qxf2 19.Ne4 Qh4 20.N2g3 Nxg3+ 21.Nxg3 Bg5
22.Qd4 Qh6 23.Qg4 Rae8 24.Nh5 g6 25.Ng3 Bf4 26.fxg6 hxg6 27.Bh3 Rf7 28.Rg1 Kf8
29.Ne4 Be5 30.Bxe5 Rxe5 31.Nxd6 Rfe7 32.Qc8+ {#r} 1-0

[Event "It (open)"]
[Site "Kiel (Germany)"]
[Round "5"]
[White "Boldt Alexander (GER)"]
[Black "Dettmann Steffen (GER)"]
[Result "1/2-1/2"]
[WhiteElo "1842"]
[BlackElo "2169"]

1.d4 d6 2.c4 Bf5 3.Nc3 Nf6 4.f3 h6 5.e4 Bh7 6.Be3 Nbd7 7.Be2 e5 8.d5 Be7 9.Nh3
O-O 10.O-O a5 11.a3 Nc5 12.b4 axb4 13.axb4 Rxa1 14.Qxa1 Na6 15.b5 Nc5 16.Na4
b6 17.Nxc5 bxc5 18.Nf2 Nd7 19.g4 Nb6 20.Qa7 Qd7 21.Qa3 Ra8 22.Qb2 Ra4 23.Qc3
Qc8 24.Ra1 Qa8 25.Rxa4 Qxa4 26.Bc1 Qa2 27.Qb2 Qxb2 28.Bxb2 Na4 29.Bc1 Bg5
30.Bxg5 hxg5 31.Nd1 f6 32.Kf1 Kf8 33.Ke1 Ke7 34.Kd2 g6 35.Kc2 f5 36.Kb3 Nb6
37.Nc3 Kf6 38.Na4 Bg8 39.Nxb6 cxb6 40.h3 Bf7 {#d} 1/2-1/2

[Event "Cup Independence (open)"]
[Site "Kiev (Ukraine)"]
[Round "0"]
[White "Karanda Konstantin (UKR)"]
[Black "Matjushin Gennady (UKR)"]
[Result "0-1"]
[WhiteElo "2239"]
[BlackElo "2372"]

1.d4 Nf6 2.c4 d6 3.Nc3 Bf5 4.f3 e5 5.e4 exd4 6.Qxd4 Be6 7.Bg5 Be7 8.Be3 Nc6
9.Qd2 Ne5 10.b3 c6 11.Nge2 d5 12.cxd5 cxd5 13.Bd4 Nc6 14.e5 Nd7 15.f4 Qa5
16.Nb1 Bb4 17.Bc3 Nc5 18.Ng3 d4 19.Bxb4 Nxb4 20.Kf2 O-O-O 21.f5 Bd5 22.Be2 d3
23.Bd1 Qb6 24.Kf1 Rhe8 25.a3 Nc2 26.b4 Nb3 27.Qc3+ Kb8 28.Bxc2 dxc2 29.Qxc2
Nxa1 {#R} 0-1

[Event "Ch France (w)"]
[Site "Marseilles (France)"]
[Round "9"]
[White "Flear Christine (FRA)"]
[Black "Dacalor Aurelie (FRA)"]
[Result "1-0"]
[WhiteElo "2164"]
[BlackElo "2144"]

1.d4 Nf6 2.c4 d6 3.Nc3 Bf5 4.f3 Nbd7 5.e4 Bg6 6.Be3 e5 7.Nge2 Be7 8.Qd2 c6
9.d5 h5 10.Ng1 Nh7 11.Nh3 Qc7 12.Bd3 Nhf6 13.O-O a6 14.dxc6 bxc6 15.b4 O-O
16.a3 Rfd8 17.Rfc1 Nf8 18.Rab1 Ne6 19.Nd5 cxd5 20.cxd5 Qd7 21.dxe6 fxe6 22.Bb6
Rdc8 23.Rxc8+ Qxc8 24.Rc1 Qb7 25.Ba5 Bd8 26.Bxd8 Rxd8 27.Ng5 d5 28.Nxe6 Qb6+
29.Nc5 dxe4 30.fxe4 Nxe4 31.Qa2+ Kh7 32.Bxe4 Bxe4 33.Qe6 Bc6 34.Qxe5 Rd2
35.Rc2 Rxc2 36.Qf5+ g6 37.Qxc2 Bb5 38.Qf2 Qd6 39.h3 Qe5 40.Qf7+ Kh6 41.Ne6
Qe1+ 42.Kh2 Qe5+ 43.Qf4+ Qxf4+ 44.Nxf4 Bc4 45.h4 Kg7 46.Kg3 Kf6 47.Kf3 Bf7
48.Ke4 Bc4 49.Nd3 Ke6 50.g3 Kd6 51.Kd4 Bb5 52.Ne5 Be8 53.Ke4 Ke6 54.Nd3 Kd6
55.Kd4 Kc6 56.a4 Kb6 57.Nc5 a5 58.bxa5+ Kxa5 59.Ke5 Kb6 60.Ne6 Bxa4 61.Kf6 Bc2
62.Nf4 Kc5 63.Nxg6 Kd4 64.Kg5 Ke4 65.Nf4 Ke5 66.Nxh5 Ke6 67.Nf4+ Kf7 68.g4 Be4
69.Nh5 Bf3 70.Nf6 Bd1 71.h5 Be2 72.Ne4 Kg7 73.Ng3 Bd3 74.Nf5+ Kh7 75.Kf6 Be2
76.Kg5 Bd3 77.Nd6 Be2 78.Ne8 Bd1 79.Nf6+ Kg7 80.h6+ Kf7 81.Kf5 Bc2+ 82.Ne4 Kg8
83.g5 Kh7 84.Kf4 Kg6 85.Nf6 Bb1 86.Ng4 Bc2 87.Ne5+ Kh7 88.Kg4 Bb1 89.Kh5 Ba2
90.g6+ Kg8 91.h7+ {#r} 1-0

[Event "It (cat.3)"]
[Site "Opatija (Croatia)"]
[Round "6"]
[White "Medancic Rikard (CRO)"]
[Black "Jovanic Ognjen (CRO)"]
[Result "0-1"]
[WhiteElo "2237"]
[BlackElo "2409"]

1.d4 Nf6 2.c4 d6 3.Nc3 Bf5 4.f3 e5 5.dxe5 dxe5 6.Qxd8+ Kxd8 7.e4 Be6 8.Be3 c6
9.g4 Nbd7 10.h4 Bb4 11.Rc1 a5 12.Nh3 Ke7 13.Be2 a4 14.Nf2 Bc5 15.Ncd1 Bxe3
16.Nxe3 Nc5 17.Nd3 Nfd7 18.Nb4 Nb6 19.Kf2 Rhd8 20.Rhd1 Rxd1 21.Rxd1 g6 22.Ke1
Bc8 23.Rc1 Ne6 24.Nd3 Nd7 25.g5 Nec5 26.Ng4 Nxd3+ 27.Bxd3 Ra5 28.Ke2 Nf8
29.Ne3 Ne6 30.Kd2 Nd4 31.Rf1 Ne6 32.Rc1 Bd7 33.Kc3 Nf4 34.Bf1 Ra8 35.Kb4 b6
36.Kc3 h6 37.gxh6 Rh8 38.b3 axb3 39.axb3 Rxh6 40.Ng2 Nxg2 41.Bxg2 Rxh4 42.c5
bxc5 43.Kc4 Rh2 44.Rg1 Kd6 45.Kd3 Be6 46.Kc3 Kc7 47.Bf1 {#R} 0-1

[Event "Ch Bulgaria (team)"]
[Site "Pamporovo (Bulgaria)"]
[Round "4"]
[White "Todorov Ivailo (BUL)"]
[Black "Mollov Ergin (BUL)"]
[Result "0-1"]
[WhiteElo "2318"]
[BlackElo "2451"]

1.d4 Nf6 2.c4 d6 3.Nc3 Bf5 4.f3 e5 5.d5 e4 6.g4 Bg6 7.h4 h6 8.Nh3 Qe7 9.Kf2
Nbd7 10.Nf4 O-O-O 11.Nxg6 fxg6 12.Bh3 g5 13.hxg5 hxg5 14.Qd4 exf3 15.exf3 Qf7
16.Bxg5 Be7 17.Be3 g5 18.Ke2 Ne5 19.Bg2 Rhf8 20.Qxa7 Nfd7 21.Qd4 Nc5 22.Raf1
Bf6 23.Ne4 Rfe8 24.Nxf6 Qxf6 25.Kd2 Nxc4+ 26.Qxc4 Qxb2+ 27.Qc2 Qb4+ 28.Ke2 Qf4
{#R} 0-1

[Event "Memorial M.Chigorin (open)"]
[Site "St. Petersburg (Russia)"]
[Round "1"]
[White "Gerasimov Yuri (RUS)"]
[Black "Matjushin Gennady (UKR)"]
[Result "0-1"]
[WhiteElo "2322"]
[BlackElo "2372"]

1.d4 Nf6 2.c4 d6 3.Nc3 Bf5 4.f3 e5 5.dxe5 dxe5 6.Qxd8+ Kxd8 7.Bg5 Nd7 8.e4 Be6
9.O-O-O Be7 10.g3 h6 11.Be3 c6 12.Nh3 Kc7 13.Nf2 a6 14.Nd5+ cxd5 15.cxd5 Bxd5
16.exd5 Bc5 17.Bxc5 Nxc5 18.b4 Na4 19.Kc2 a5 20.b5 Rhd8 21.Bc4 Rac8 22.Kb3 Kd6
23.Rc1 Nc5+ 24.Ka3 Ncd7 25.Rhd1 Rc5 26.Nd3 Rc7 27.Bb3 Rdc8 28.Rxc7 Rxc7 29.Ka4
b6 30.Ka3 Nc5 31.Nb2 Nxb3 32.axb3 Nxd5 33.Nc4+ Ke6 34.Re1 f6 35.f4 Nb4 36.Re2
Rc5 37.fxe5 fxe5 38.Nxb6 Rxb5 39.Nc4 Nc6 40.Ka4 Rb4+ 41.Ka3 Rxb3+ 42.Kxb3 Nd4+
43.Kc3 Nxe2+ 44.Kd2 Nd4 45.Nxa5 Nf3+ 46.Ke3 Nxh2 47.Nc6 Ng4+ 48.Kf3 h5 49.Nd8+
Kf5 50.Nc6 e4+ 51.Ke2 Nf6 52.Nd4+ Kg4 53.Kf2 Kh3 54.Nf5 g6 55.Nh4 Ng4+ 56.Ke2
Kxg3 {#R} 0-1

[Event "It (cat.6)"]
[Site "Vukovar (Croatia)"]
[Round "2"]
[White "Zivkovic Vjekoslav (CRO)"]
[Black "Jovanovic Zoran (CRO)"]
[Result "1/2-1/2"]
[WhiteElo "2334"]
[BlackElo "2373"]

1.c4 Nf6 2.Nc3 d6 3.d4 Bf5 4.f3 e5 5.d5 e4 6.g4 Nxg4 7.fxg4 Qh4+ 8.Kd2 e3+
9.Kxe3 Qg5+ 10.Kf2 Qh4+ 11.Ke3 Qg5+ 12.Kf2 Qh4+ 13.Kg2 Qxg4+ 14.Kf2 Qh4+ {#d}
1/2-1/2

[Event "Ch Bayern (seniors) (open)"]
[Site "Schney (Germany)"]
[Round "1"]
[White "Bierbach Utz-Friedrich (GER)"]
[Black "Sladek Horst"]
[Result "1-0"]
[WhiteElo "2040"]
[BlackElo "1593"]

1.d4 Nf6 2.c4 d6 3.Nc3 Bf5 4.f3 Nbd7 5.e4 Bg6 6.Be3 e5 7.Nge2 c5 8.dxc5 Nxc5
9.b4 Ncd7 10.Nb5 Qb8 11.Qa4 a6 12.Nbc3 Be7 13.Nd5 b5 14.cxb5 Nxd5 15.exd5 axb5
16.Qb3 O-O 17.Nc3 Rc8 18.Be2 Qb7 19.O-O Nb6 20.Bxb5 Qc7 21.Bc6 Rab8 22.a4 Bf8
23.Rfc1 Bd3 24.Nb5 Bxb5 25.Bxb5 Qd8 26.a5 Na8 27.Bc6 Nc7 28.a6 Nb5 29.a7 {#r}
1-0

[Event "Ch Yugoslavia"]
[Site "Banja Koviljaca (Yugoslavia)"]
[Round "12"]
[White "Jeremic Veljko (SRB)"]
[Black "Damljanovic Branko (SRB)"]
[Result "1/2-1/2"]
[WhiteElo "2466"]
[BlackElo "2587"]

1.d4 d6 2.c4 Nf6 3.Nc3 Bf5 4.f3 e5 5.e4 exd4 6.Qxd4 Nc6 7.Qd2 Be6 8.b3 g6
9.Bb2 Bg7 10.Bd3 a5 11.Nge2 Nd7 12.O-O Nc5 13.Nd5 Ne5 14.Bb1 Bxd5 15.cxd5 O-O
16.Nd4 Re8 17.Bc2 c6 18.dxc6 bxc6 19.Kh1 Qb6 20.Bc3 a4 {#d} 1/2-1/2

[Event "Ch Belgium (team) 2001/02"]
[Site "Belgium"]
[Round "6"]
[White "Muis Gerrit-Meine (NED)"]
[Black "Bezsilko Philippe (FRA)"]
[Result "1-0"]
[WhiteElo "2135"]
[BlackElo "2194"]

1.c4 Nf6 2.Nc3 d6 3.d4 Bf5 4.f3 e5 5.dxe5 dxe5 6.Qxd8+ Kxd8 7.e4 Be6 8.Bg5 Nd7
9.O-O-O c6 10.f4 exf4 11.e5 h6 12.Bxf4 Nh5 13.Be3 g5 14.Nf3 Kc7 15.Be2 Ng7
16.h4 Nf5 17.Bf2 Be7 18.Nd5+ cxd5 19.cxd5 gxh4 20.dxe6 fxe6 21.Bc4 Nf8 22.Kb1
Rc8 23.Nxh4 Bxh4 24.Bxh4 Ne3 25.Rc1 Kb8 26.Bb3 Rxc1+ 27.Kxc1 Ng6 28.Bf6 Rc8+
29.Kd2 Nc4+ 30.Bxc4 Rxc4 31.Rxh6 Rg4 32.Rh2 Nf4 33.Ke3 Nd5+ 34.Kf3 Rf4+ 35.Kg3
Rf5 36.Rh6 Kc7 37.a3 Kc6 38.Bh8 Kd7 39.Rh7+ Kc6 40.Rh6 Kd7 {#r} 1-0

[Event "It (open)"]
[Site "Dresden (Germany)"]
[Round "3"]
[White "Remling Christian (GER)"]
[Black "Hanhoerster Stephan (GER)"]
[Result "1-0"]
[WhiteElo "2347"]
[BlackElo "2036"]

1.c4 d6 2.Nc3 Nf6 3.d4 Bf5 4.f3 e5 5.e4 exd4 6.Qxd4 Nc6 7.Qd2 Be6 8.b3 g6
9.Bb2 Bg7 10.Bd3 O-O 11.Nge2 Ne5 12.Bc2 Nfd7 13.O-O Bxc4 14.bxc4 Nxc4 15.Qc1
Nxb2 16.Qxb2 Qg5 17.Kh1 Qe3 18.Qc1 Qc5 19.Qd2 Ne5 20.Bb3 b5 21.Rac1 Nc4
22.Bxc4 bxc4 23.Qd5 {#r} 1-0

[Event "It (open)"]
[Site "Guingamp (France)"]
[Round "2"]
[White "Serralta Michel (FRA)"]
[Black "Ivanov Jordan (BUL)"]
[Result "0-1"]
[WhiteElo "2049"]
[BlackElo "2446"]

1.d4 Nf6 2.c4 d6 3.Nc3 Bf5 4.f3 e5 5.e4 exd4 6.Qxd4 Nc6 7.Qe3 Be6 8.Bd3 g6
9.Nge2 Bg7 10.g4 O-O 11.g5 Nd7 12.O-O Nc5 13.b3 a5 14.Bd2 Nb4 15.Bb1 a4 16.a3
Nxb3 17.axb4 Nxa1 18.f4 Bxc4 19.f5 f6 20.Bd3 Bxd3 21.Qxd3 Nb3 22.Qh3 Nxd2
23.fxg6 hxg6 24.Rf5 fxg5 {#R} 0-1

[Event "Ch Bosnia & Herzegovina (team)"]
[Site "Neum (Bosnia & Herzegovina)"]
[Round "4"]
[White "Varga Zoltan (HUN)"]
[Black "Martinovic Slobodan (SRB)"]
[Result "1-0"]
[WhiteElo "2533"]
[BlackElo "2473"]

1.d4 Nf6 2.c4 d6 3.Nc3 Bf5 4.f3 e5 5.e4 exd4 6.Qxd4 Nc6 7.Qd2 Be6 8.b3 g6
9.Bb2 Bg7 10.g4 O-O 11.O-O-O a5 12.Kb1 Re8 13.Nd5 a4 14.b4 a3 15.Bc3 Ne5 16.g5
Nh5 17.f4 Nd7 18.Bxg7 Nxg7 19.Bd3 c6 20.Ne3 Qb6 21.Bc2 Nc5 22.f5 {#r} 1-0

[Event "It (open)"]
[Site "Salzburg (Austria)"]
[Round "9"]
[White "Gumula Daniel (POL)"]
[Black "Stephan Axel (GER)"]
[Result "1/2-1/2"]
[WhiteElo "2099"]
[BlackElo "2284"]

1.d4 Nf6 2.c4 d6 3.Nc3 Bf5 4.f3 e5 5.dxe5 dxe5 6.Qxd8+ Kxd8 7.e4 Be6 8.Be3
Nfd7 9.O-O-O a5 10.g3 Na6 11.Bh3 Nc5 12.Rd2 c6 13.Bxe6 fxe6 14.Nh3 {#d}
1/2-1/2

[Event "It (cat.4)"]
[Site "Villeurbanne (France)"]
[Round "3"]
[White "Benitah Yohan (FRA)"]
[Black "Saez Frederic (FRA)"]
[Result "1-0"]
[WhiteElo "2388"]
[BlackElo "2229"]

1.d4 Nf6 2.c4 d6 3.Nc3 Bf5 4.f3 e5 5.d5 e4 6.e3 h5 7.Nge2 h4 8.Nd4 Bg6 9.f4
Nbd7 10.a3 Qe7 11.Be2 Bh5 12.O-O g6 13.b4 Bxe2 14.Qxe2 Nh5 15.Bb2 Ndf6 16.c5
a6 17.Rfc1 Bh6 18.a4 O-O 19.c6 b6 20.Rf1 Kh7 21.Qe1 h3 22.gxh3 Ng7 23.Kh1 Rg8
24.Qe2 Nfh5 25.Rg1 Qh4 26.Nxe4 Rae8 27.Nf3 Qe7 28.Nfd2 f5 29.Qg2 Qf7 30.Ng5+
Bxg5 31.Qxg5 Rxe3 32.Rg2 Rge8 33.Rag1 Re1 34.Qxg6+ Qxg6 35.Rxg6 Rxg1+ 36.Rxg1
Re2 37.Bxg7 Nxg7 38.Nf3 Re3 39.Rg3 Kh8 40.Ng5 Re1+ 41.Rg1 Re2 42.b5 a5 43.h4
Re7 44.Kg2 Nh5 45.Kf3 Nf6 46.Rd1 Ne4 47.Rd3 Nf6 48.h3 Kg7 49.Rd2 Kg6 50.Rd1
Ne4 51.Ne6 Kf6 52.Rg1 Nc3 53.h5 Nxd5 54.Rg6+ Kf7 55.Ng5+ Kf8 56.h6 Re3+ 57.Kf2
Re2+ 58.Kf1 Nxf4 59.Rf6+ Ke7 60.Rxf5 Re5 61.Rf7+ Ke8 62.h7 Ng6 63.Rg7 Rf5+
64.Ke1 Rxg5 65.Rxg6 {#r} 1-0

[Event "It (open)"]
[Site "Tapolca (Hungary)"]
[Date "2002.01.09"]
[Round "6"]
[White "Nagyajtai Gabor (HUN)"]
[Black "Szekeres Tibor (HUN)"]
[Result "1-0"]
[WhiteElo "2274"]
[BlackElo "2168"]

1.d4 Nf6 2.c4 d6 3.Nc3 Bf5 4.f3 e5 5.e4 exd4 6.Qxd4 Nc6 7.Qd1 Be6 8.Bd3 Ne5
9.Nge2 Nfd7 10.b3 Qh4+ 11.Ng3 Nxd3+ 12.Qxd3 Ne5 13.Qc2 O-O-O 14.Be3 Kb8 15.Qd2
h6 16.Nd5 Rc8 17.O-O c6 18.Qd4 c5 19.Qc3 Bxd5 20.cxd5 g6 21.Bf2 Rg8 22.b4 c4
23.Qd4 b6 24.Rac1 Bg7 25.Qd2 f5 26.Nxf5 Qf6 27.Nxg7 Qxg7 28.Bd4 g5 29.a4 Qe7
30.Bxe5 Qxe5 31.Qc3 Qe7 32.Qd4 g4 33.Rxc4 g3 34.hxg3 Rxc4 35.Qxc4 Rxg3 36.Rc1
Rg8 37.Qe2 Qf6 38.Rd1 Qc3 39.Rb1 h5 40.a5 h4 41.axb6 axb6 42.Qf2 Kb7 43.Qxh4
Rh8 44.Qf2 Rh7 45.b5 Qh8 46.Qb2 Qf8 47.Qa3 Qf4 48.Ra1 {#r} 1-0

[Event "Ch Hungary (team) 2001/02 (2 liga)"]
[Site "Hungary"]
[Date "2002.02.10"]
[Round "7"]
[White "Biro Peter (HUN)"]
[Black "Gemesi Janos (HUN)"]
[Result "1-0"]
[WhiteElo "2197"]
[BlackElo "1994"]

1.d4 Nf6 2.c4 d6 3.Nc3 Bf5 4.f3 Nbd7 5.e4 Bg6 6.Be3 e5 7.Nge2 Be7 8.g3 c6
9.Bg2 Nh5 10.O-O O-O 11.f4 f5 12.exf5 Bxf5 13.fxe5 dxe5 14.Rxf5 Rxf5 15.g4
exd4 16.Bxd4 Rg5 17.gxh5 Qc7 18.Ng3 Nf6 19.Nce4 Nxe4 20.Nxe4 Rf5 21.Qg4 Rf7
22.h6 g6 23.Qe6 Rd8 24.Rf1 Bh4 25.Be5 Qd7 26.Bh3 Qe7 27.Nd6 {#r} 1-0

[Event "Ch Slovenia (team)"]
[Site "Slovenia"]
[Date "2002.11.18"]
[Round "1"]
[White "Starcic Tadej (SLO)"]
[Black "Mihevc Ivo (SLO)"]
[Result "1-0"]
[WhiteElo "2178"]
[BlackElo "2220"]

1.d4 Nf6 2.c4 d6 3.Nc3 Bf5 4.f3 e5 5.e4 exd4 6.Qxd4 Nc6 7.Qd2 Bd7 8.b3 Be7
9.Bb2 O-O 10.g3 a6 11.Nge2 b5 12.cxb5 axb5 13.Bg2 b4 14.Nd5 Nxd5 15.exd5 Ne5
16.f4 Ng4 17.h3 Nh6 18.Qxb4 Bf6 19.Bxf6 Qxf6 20.Qc3 Qe7 21.Kf2 Qd8 22.Rhe1 Qb8
23.g4 Re8 24.Nd4 Qa7 25.a4 Reb8 26.Kg3 {#r} 1-0

[Event "It (open)"]
[Site "Avoine (France)"]
[Round "1"]
[White "Benitah Yohan (FRA)"]
[Black "Chabradze Boris (GEO)"]
[Result "1-0"]
[WhiteElo "2398"]
[BlackElo "2131"]

1.d4 Nf6 2.c4 d6 3.Nc3 Bf5 4.f3 e5 5.d5 e4 6.e3 h5 7.Nge2 Nbd7 8.Nd4 Bg6 9.f4
h4 10.Be2 a5 11.f5 Bh7 12.O-O g5 13.a3 Nc5 14.b3 Qd7 15.Bb2 Bg7 16.b4 axb4
17.axb4 Rxa1 18.Qxa1 Na6 19.c5 O-O 20.c6 Qe7 21.cxb7 Nxb4 22.Qa5 c5 23.dxc6
Nxc6 24.Nxc6 Qxb7 25.Qb5 Qxb5 26.Nxb5 Nd5 27.f6 Bh6 28.Ne7+ Nxe7 29.fxe7 Re8
30.Bf6 g4 31.Nxd6 {#r} 1-0

[Event "It (open)"]
[Site "Belgrade (Yugoslavia)"]
[Round "2"]
[White "Kuveljic Bozidar (SRB)"]
[Black "Brakus Dragan (SRB)"]
[Result "0-1"]
[WhiteElo "1834"]
[BlackElo "2059"]

1.d4 Nf6 2.c4 d6 3.Nc3 Bf5 4.f3 e5 5.e4 exd4 6.Nb5 a6 7.Nxd4 Bd7 8.Bf4 Nc6
9.a3 g6 10.Be3 Ne5 11.Nge2 Nxc4 12.Bf2 Nxb2 13.Qc2 Na4 14.Nf4 Bg7 15.Bc4 O-O
16.Rc1 Nc5 17.O-O Ba4 18.Qd2 Nfxe4 19.fxe4 Nxe4 20.Qa2 Bd7 21.Nfe2 c6 22.Qc2
d5 23.Bd3 Nxf2 24.Rxf2 Bg4 25.Kh1 Qb6 26.Qc5 Qxc5 27.Rxc5 Rae8 28.Rc2 Re3
29.Rd2 Rfe8 30.Nf3 Bxf3 31.Rxf3 Bf8 32.Rxe3 Rxe3 33.a4 Bb4 34.Rd1 Kf8 35.Ng3
Ke7 36.Nf1 Re1 37.Rxe1+ Bxe1 38.Ne3 Bf2 39.Nc2 Kd6 40.g4 c5 41.Kg2 Bh4 42.Kf3
c4 43.Be2 Ke5 44.h3 b5 45.axb5 axb5 46.Nb4 d4 47.Nc6+ Kd5 48.Nb4+ Kc5 49.Na6+
Kd6 50.Ke4 d3 51.Bd1 Be1 52.Kd4 f5 53.gxf5 gxf5 54.Nb8 Bf2+ 55.Kc3 Kc7 56.Na6+
Kb7 57.Nb8 Kxb8 58.Kb4 Be1+ 59.Kxb5 c3 60.Kc4 c2 {#R} 0-1

[Event "Tournament (Elo) (a)"]
[Site "Budapest (Hungary)"]
[Round "1"]
[White "Martin Luis Cesar (ESP)"]
[Black "Nadassy Attila (HUN)"]
[Result "1/2-1/2"]
[WhiteElo "2215"]
[BlackElo "2114"]

1.d4 Nf6 2.c4 d6 3.Nc3 Bf5 4.f3 e5 5.dxe5 dxe5 6.Qxd8+ Kxd8 7.e4 Be6 8.Bg5 c6
9.O-O-O+ Kc7 10.a3 Nbd7 11.Na4 b5 12.cxb5 Bb3 13.Nc3 Bxd1 14.Kxd1 Bc5 15.Bc4
Rhf8 16.bxc6 Kxc6 17.Nge2 Nb6 18.Ba2 Rfd8+ 19.Kc2 Rd7 20.b4 Bf8 21.Bxf6 gxf6
22.Bd5+ Nxd5 23.Nxd5 Be7 24.Kb3 a5 25.Rc1+ Kb7 26.Ng3 axb4 27.axb4 Bd8 28.Nf5
Ra6 29.Nfe3 Kb8 30.Nc4 Rda7 31.b5 Ra1 32.Rc2 Rb1+ 33.Nb2 Be7 34.Rc6 Ba3 35.Rc2
Ra5 36.Nc3 Rxb2+ 37.Rxb2 Bxb2 38.Kxb2 Kb7 39.Kb3 Ra1 40.Nd5 Rb1+ 41.Kc4 Rb2
42.Nxf6 Rxg2 43.h4 Rg3 44.Kd5 h6 45.Kxe5 Rxf3 46.Ng4 h5 47.Nf6 Rb3 48.Kf5
Rxb5+ 49.e5 Kc6 50.Nxh5 Rb4 51.Nf4 Kd7 52.h5 Ke8 53.Nd5 {#d} 1/2-1/2

[Event "Ch Region"]
[Site "Donetsk (Ukraine)"]
[Round "8"]
[White "Dmitrenko Viktor (UKR)"]
[Black "Shilin Denis (UKR)"]
[Result "1-0"]
[WhiteElo "2372"]
[BlackElo "2390"]

1.d4 Nf6 2.c4 d6 3.Nc3 Bf5 4.f3 e5 5.e4 exd4 6.Qxd4 Nc6 7.Qd2 Be6 8.b3 Be7
9.Bb2 O-O 10.Bd3 Nd7 11.Nge2 Nc5 12.O-O a5 13.Bc2 Nb4 14.Nd5 Bxd5 15.exd5 Bg5
16.f4 Bf6 17.Nd4 Re8 18.Bb1 c6 19.a3 Qb6 20.Kh1 Nba6 21.dxc6 bxc6 22.Bc2 d5
23.Bc3 a4 24.b4 Ne4 25.Bxe4 Rxe4 26.c5 Qc7 27.Nf5 Bxc3 28.Qxc3 f6 29.Nd6 Re7
30.Rfe1 Qd7 31.h3 Nc7 32.Rxe7 Qxe7 33.Re1 Qd7 34.Qe3 Kf8 35.Qd3 Kg8 36.Re3 Rb8
37.Qe2 {#r} 1-0

[Event "Memorial C.Torre (open)"]
[Site "Merida (Mexico)"]
[Round "7"]
[White "Ramirez Alejandro (CRC)"]
[Black "Martin Del Campo Roberto (MEX)"]
[Result "0-1"]
[WhiteElo "2519"]
[BlackElo "2404"]

1.d4 Nf6 2.c4 d6 3.Nc3 Bf5 4.f3 e5 5.d5 e4 6.Be3 h5 7.Bd4 Be7 8.Qc2 c5 9.Bf2
Qa5 10.O-O-O Bg6 11.fxe4 Ng4 12.e3 Bf6 13.Bd3 Na6 14.a3 Bxc3 15.bxc3 Qxa3+
16.Kb1 b5 17.cxb5 c4 18.Bxc4 Nc5 19.Nh3 Bxe4 20.Bd3 Rb8 {#R} 0-1